Digitálna Európa

Program, ktorého návrh – ako reakciu na výzvy doby – predložila začiatkom leta Európska komisia. Vychádza z úspešnej stratégie jednotného digitálneho trhu, spustenej v máji 2015. Tú dopĺňa o ambiciózne financovanie. Hlavným cieľom je usmerňovať digitálnu transformáciu Európy tak, aby z nej profitova...

Celý popis

Uložené v:
Podrobná bibliografia
Médium: Kapitola
Jazyk:Slovak
Predmet:
Tagy: Pridať tag
Žiadne tagy, Buďte prvý, kto otaguje tento záznam!

MARC

LEADER 00000naa$a2200000$$$4500
001 0247974
005 20181001091947.5
041 0 |a slo 
044 |a SK 
245 1 0 |a Digitálna Európa 
520 |a Program, ktorého návrh – ako reakciu na výzvy doby – predložila začiatkom leta Európska komisia. Vychádza z úspešnej stratégie jednotného digitálneho trhu, spustenej v máji 2015. Tú dopĺňa o ambiciózne financovanie. Hlavným cieľom je usmerňovať digitálnu transformáciu Európy tak, aby z nej profitovali občania i podniky. 
610 2 0 |a Európska komisia 
610 2 0 |a Európa 
610 2 0 |a digitalizácia 
610 2 0 |a trh elektronický 
610 2 0 |a spolupráca medzinárodná